000 01415nam a22002777a 4500
001 9406
003 FISKH
005 20260105143705.0
008 260105b cb ||||| |||| 00| 0 eng d
040 _aFISKH
_bkhr
_cFISKH
_dFISKH
050 _aPZ7
082 _a398
100 _aSophaleap , Nhek
245 _aទំពាំងទូលដី /
_cនិពន្ធដោយ ញឹក សុផាលាភ
260 _aភ្នំពេញ :
_bSipar ,
_c2005.
300 _a 28 pages :
_b 28 pages ;
_c19 cm​.
490 _aខ្ញុំចង់អាន
505 _aP
520 _aវិបុលនិងរំដួលប្រកបរបរកាប់ឈើក្នុងព្រៃ ។ ពួកគេកាប់ដើមឈើគ្រប់ប្រភេទ ដែលពួកគេជួបនៅតាមផ្លូវ ដោយមិនគិតពីអនាគតរហូតដល់ថ្ងៃមួយនោះ ពួកគេបានជួបនឹងទំពាំងមួយ ។
520 _aVibol and Romduol worked as woodcutters in the forest. They cut down all kinds of trees that they came across along the way, without thinking about the future, until one day they encountered a vine.
521 8 _a650
_bLexile estimate
521 8 _aP
_bRaz-Plus
700 _aSontepheap , Lim
_eIllustrator
942 _2ddc
_cKHB
_n0
999 _c9406
_d9406